Assessing allegations of sexual abuse in preschool children: understanding small voices
| 1. VerfasserIn: | |
|---|---|
| Medienart: | Druck Buch |
| Sprache: | Englisch |
| Veröffentlicht: |
Thousand Oaks [u.a.]
Sage
1999
|
| In: |
Interpersonal violence (22)
Jahr: 1999 |
| Bestand in Tübingen: | In Tübingen vorhanden. UB: KB 19 A 7557 |
| Verfügbarkeit prüfen: | HBZ Gateway |
| Subito Bestelldienst: | Jetzt bestellen. |
| Schlagwörter: |
MARC
| LEADER | 00000cam a2200000 c 4500 | ||
|---|---|---|---|
| 001 | 1144120527 | ||
| 003 | DE-627 | ||
| 005 | 20251225180919.0 | ||
| 007 | tu | ||
| 008 | 990219s1999 xx ||||| 00| ||eng c | ||
| 010 | |a 98025456 | ||
| 020 | |a 076190204X |9 0-7619-0204-X | ||
| 020 | |a 0761902058 |9 0-7619-0205-8 | ||
| 035 | |a (DE-627)1144120527 | ||
| 035 | |a (DE-576)074120522 | ||
| 035 | |a (DE-599)BSZ074120522 | ||
| 035 | |a (OCoLC)39458839 | ||
| 040 | |a DE-627 |b ger |c DE-627 |e rakwb | ||
| 041 | |a eng | ||
| 050 | 0 | |a HV8079.C48H48 1998 | |
| 082 | 0 | |a 363.259536 | |
| 082 | 0 | |a 363.25/9536 | |
| 084 | |a 5,2 |2 ssgn | ||
| 100 | 1 | |a Hewitt, Sandra K. |4 aut | |
| 245 | 1 | 0 | |a Assessing allegations of sexual abuse in preschool children |b understanding small voices |c by Sandra K. Hewitt |
| 264 | 1 | |a Thousand Oaks [u.a.] |b Sage |c 1999 | |
| 300 | |a XII, 303 S. |b Ill. | ||
| 336 | |a Text |b txt |2 rdacontent | ||
| 337 | |a ohne Hilfsmittel zu benutzen |b n |2 rdamedia | ||
| 338 | |a Band |b nc |2 rdacarrier | ||
| 490 | 1 | |a Interpersonal violence: the practice series |v 22 | |
| 583 | 1 | |a Archivierung prüfen |c 20200919 |f DE-640 |z 1 |2 pdager | |
| 650 | 0 | |a Child Abuse |x Investigation | |
| 650 | 0 | |a Interviewing in child abuse | |
| 650 | 0 | |a Communicative competence in children | |
| 689 | 0 | 0 | |d s |0 (DE-588)4064017-6 |0 (DE-627)106125613 |0 (DE-576)20915134X |a Vorschulkind |2 gnd |
| 689 | 0 | 1 | |d s |0 (DE-588)4030650-1 |0 (DE-627)104254092 |0 (DE-576)208988483 |a Kindesmisshandlung |2 gnd |
| 689 | 0 | 2 | |d s |0 (DE-588)4027503-6 |0 (DE-627)104767812 |0 (DE-576)208971211 |a Interview |2 gnd |
| 689 | 0 | |5 (DE-627) | |
| 830 | 0 | |a Interpersonal violence |v 22 |9 22 |w (DE-627)1670025209 |w (DE-576)032478364 |w (DE-600)2979347-6 |7 am | |
| 951 | |a BO | ||
| ELC | |b 1 | ||
| LOK | |0 000 xxxxxcx a22 zn 4500 | ||
| LOK | |0 001 234984885X | ||
| LOK | |0 003 DE-627 | ||
| LOK | |0 004 1144120527 | ||
| LOK | |0 005 19990914000000 | ||
| LOK | |0 008 990803||||||||||||||||ger||||||| | ||
| LOK | |0 040 |a DE-21 |c DE-627 |d DE-21 | ||
| LOK | |0 852 |a DE-21 | ||
| LOK | |0 852 1 |c KB 19 A 7557 |9 00 | ||
| LOK | |0 935 |a krim | ||
| LOK | |0 936ln |a k10.10.3 | ||
| LOK | |0 939 |a 03-08-99 |b l01 | ||
| ORI | |a SA-MARC-krimdoka001.raw | ||
| SIG | |a UB: KB 19 A 7557 | ||
